| 000 | 00792nam a22002537a 4500 | ||
|---|---|---|---|
| 003 | 0 | ||
| 005 | 20240923102159.0 | ||
| 008 | 240923b xxu||||| |||| 00| 0 eng d | ||
| 020 | _a978-0-357-79627-6 | ||
| 050 |
_aBF 724.5 _b.C38 2024 |
||
| 100 | _aCavanaugh, John C. | ||
| 245 |
_aAdult development and aging _cJohn C. Cavanaugh |
||
| 250 | _aNinth edition | ||
| 260 |
_aBoston, Massachusetts _bCengage _c2024 |
||
| 300 |
_axiv, 560 pages : _bcolored illustrations and pictures ; _c28cm. |
||
| 504 | _aIncludes bibliographical references, index, and glossary. | ||
| 650 | _aAdult--Psychology. | ||
| 650 | _aAged--Psychology. | ||
| 650 | _aHuman development. | ||
| 650 | _aLife change events. | ||
| 650 | _aAdult Development. | ||
| 650 | _aAging. | ||
| 942 |
_2lcc _cBK |
||
| 999 |
_c366323 _d366323 |
||